000 00265nam a22001217a 4500
008 170424b xxu||||| |||| 00| 0 eng d
041 _aeng
080 _23 ED
_a547
100 _a12
101 _aSHM
245 _aORGANIC CHEMISTRY
_cSMITH.J.G
942 _2udc
_cBK
999 _c11664
_d11664